LEADER 01631nam2-2200481---45-- 001 990001048890203316 005 20130213093839.0 010 $a88-14-01621-6 035 $a0104889 035 $aUSA010104889 035 $a(ALEPH)000104889USA01 035 $a0104889 100 $a20020321d1988----km-y0ITAy01------ba 101 $aita 102 $aIT 105 $a00||| 200 1 $a<> filiale comune internazionale$econtributo allo studio della cooperazione internazionale fra imprese$fPiero Pennetta 210 $aMilano$cGiuffrè$d1988 215 $aXI, 274 p.$d24 cm 225 2 $aQuaderni di Giurisprudenza commerciale$v98 410 0$1001000312045$12001$aQuaderni di Giurisprudenza commerciale$v, 98 606 $aJoint ventures$xDiritto internazionale privato 676 $a340.9682 700 1$aPENNETTA,$bPiero$0230641 801 0$aIT$bsalbc$gISBD 912 $a990001048890203316 951 $aXXV.3. Coll. 3/ 53 (COLL. AKG 98)$b64518 EC$cXXV.3. Coll.$d00252698 951 $aXXV.3. Coll. 3/ 53a$b57040 G.$cXXV.3. Coll.$d00318914 951 $a300 340.9682 PEN$b4004 DISES 959 $aBK 969 $aDISES 979 $aPATTY$b90$c20020321$lUSA01$h0914 979 $aPATTY$b90$c20020321$lUSA01$h0915 979 $c20020403$lUSA01$h1745 979 $aPATRY$b90$c20040406$lUSA01$h1712 979 $aRSIAV4$b90$c20091130$lUSA01$h1220 979 $c20121027$lUSA01$h1547 979 $c20121027$lUSA01$h1558 979 $c20121027$lUSA01$h1610 979 $aCHIARA$b90$c20130213$lUSA01$h0938 996 $aFiliale comune internazionale$962356 997 $aUNISA DEB $aUSA1513 LEADER 00791nam0-2200277 --450 001 9910495051803321 005 20210922131736.0 010 $a88-8125-729-7 100 $a20210922d2004----kmuy0itay5050 ba 101 0 $aita 102 $aIT 105 $a 001yy 200 1 $a<>progetto del vuoto$epublic space in motion 2000-2004$fIsotta Cortesi 210 $aFirenze$cAlinea$d2004 215 $a168 p.$cill.$d22x24 cm 225 1 $aSiti e paesaggi$v3 610 0 $aSpazi pubblici$aSistemazione urbanistica 676 $a711.55$v19 700 1$aCortesi,$bIsotta$0728501 801 0$aIT$bUNINA$gREICAT$2UNIMARC 901 $aBK 912 $a9910495051803321 952 $aPICONE 152$bPIC 152$fDARPU 959 $aDARPU 996 $aProgetto del vuoto$91869691 997 $aUNINA